00676nam a2200181 a 450000100100000000500170001000800410002702000150006804000250008310000250010824500530013326000510018630000370023750000550027450000430032995201050037299900170047700003555720200930074430.0111103s1994 sp 000 0 spa d a9580425736 aDO-SdBNPbspacBNPHU1 aArnold, David96145710aManual de la gerencia de marca /cDavid Arnold,. aBarcelona, España :bEditorial Norma,c1994. a349 p. :bil., gráf. ;c22 cm. aIncluye datos biográficos del autor en la solapa aIncluye notas al pie de las págianas 001050718MOaGRbGRcHDd2011-11-03iLF1l0o p35557-10r2020-06-25w2020-06-25y1ZNo se presta c35048d35048